[Event "FRA-ch op-A"]
[Site "Pau"]
[Date "2008.08.20"]
[Round "8"]
[White "Fernandez, Laura"]
[Black "Ralle, Pierre"]
[Result "1-0"]
[WhiteElo "2003"]
[BlackElo "2113"]
[PlyCount "63"]
[EventDate "2008.08.11"]
[EventType "swiss"]
[EventRounds "9"]
[EventCountry "FRA"]
[SourceTitle "CBM 126 Extra"]
[Source "ChessBase"]
[SourceDate "2008.11.05"]
[SourceVersion "1"]
[SourceVersionDate "2008.11.05"]
[SourceQuality "1"]

1. e4 c5 2. Nf3 d6 3. d4 cxd4 4. Nxd4 Nf6 5. Nc3 g6 6. Bc4 Bg7 7. Bb3 0-0 8. f3 Nc6 9. Be3 Bd7 10. Qd2 Nxd4 11. Bxd4 a5 12. a4 Bc6 13. h4 Nd7 14. h5 e5 15. Be3 Nc5 16. Bc4 Re8 17. hxg6 hxg6 18. Bh6 Bf6 19. Qf2 Bg5 20. Qg3 d5 21. Bxg5 f6 22. Nxd5 fxg5 23. Qh3 Bxd5 24. Bxd5+ Kf8 25. Qh6+ Ke7 26. Qxg6 Rh8 27. Qg7+ Kd6 28. 0-0-0 Rxh1 29. Rxh1 Nxa4 30. Bxb7 Qb8 31. Qf6+ Kc5 32. Qc6+ 1-0

[Event "FRA-ch op-A"]
[Site "Pau"]
[Date "2008.08.15"]
[Round "4"]
[White "Fernandez, Laura"]
[Black "Duchateau, Thomas"]
[Result "1-0"]
[WhiteElo "2003"]
[BlackElo "2088"]
[PlyCount "51"]
[EventDate "2008.08.11"]
[EventType "swiss"]
[EventRounds "9"]
[EventCountry "FRA"]
[SourceTitle "CBM 126 Extra"]
[Source "ChessBase"]
[SourceDate "2008.11.05"]
[SourceVersion "1"]
[SourceVersionDate "2008.11.05"]
[SourceQuality "1"]

1. e4 a6 2. f4 g6 3. Nf3 Bg7 4. Bc4 e6 5. 0-0 Ne7 6. d4 b5 7. Bd3 d6 8. Qe1 Nd7 9. f5 e5 10. fxg6 hxg6 11. Ng5 Bf6 12. c4 Nc6 13. cxb5 axb5 14. Bxb5 Nxd4 15. Bc4 Nc2 16. Qg3 Rf8 17. Nxf7 Rxf7 18. Bxf7+ Ke7 19. Qxg6 c6 20. Bg5 Qb6+ 21. Kh1 Qxb2 22. Bxf6+ Nxf6 23. Qxf6+ Kd7 24. Be8+ Kc7 25. Qe7+ Kb6 26. Nd2 1-0

[Event "FRA-ch op-A"]
[Site "Pau"]
[Date "2008.08.13"]
[Round "2"]
[White "Fernandez, Laura"]
[Black "Manoeuvre, Antoine"]
[Result "0-1"]
[WhiteElo "2003"]
[BlackElo "2095"]
[PlyCount "84"]
[EventDate "2008.08.11"]
[EventType "swiss"]
[EventRounds "9"]
[EventCountry "FRA"]
[SourceTitle "CBM 126 Extra"]
[Source "ChessBase"]
[SourceDate "2008.11.05"]
[SourceVersion "1"]
[SourceVersionDate "2008.11.05"]
[SourceQuality "1"]

1. e4 e6 2. Nf3 d5 3. Nc3 Nf6 4. e5 Nfd7 5. d4 c5 6. dxc5 Nc6 7. Bf4 Bxc5 8. Bd3 a6 9. a3 f6 10. exf6 Nxf6 11. 0-0 Bd6 12. Bg5 0-0 13. Bh4 Qc7 14. Re1 Ne5 15. Nxe5 Bxe5 16. Bg3 Bxg3 17. hxg3 e5 18. Be2 Be6 19. g4 h6 20. Bf3 Rad8 21. Nb1 e4 22. Be2 Qb6 23. Nc3 Nxg4 24. Bxg4 Qxf2+ 25. Kh1 Qh4+ 26. Kg1 Bxg4 27. Qd4 Qf6 28. Qa7 Qc6 29. Qd4 Kh8 30. Rf1 Be6 31. Rad1 Rfe8 32. Rf4 b6 33. Rh4 Kh7 34. Kh1 Rf8 35. Qe3 Qc7 36. Re1 d4 37. Rxh6+ gxh6 38. Qxe4+ Bf5 39. Qh4 Rf7 40. Ne4 Bxe4 41. Qxe4+ Kg8 42. Qg6+ Rg7 0-1

[Event "FRA-chT Top 16 GpA"]
[Site "France"]
[Date "2008.04.10"]
[Round "4"]
[White "Fernandez, Laura"]
[Black "Pelletier, Yannick"]
[Result "0-1"]
[WhiteElo "2025"]
[BlackElo "2600"]
[PlyCount "72"]
[EventDate "2008.03.22"]
[EventType "team"]
[EventRounds "7"]
[EventCountry "FRA"]
[SourceTitle "CBM 123 Extra"]
[Source "ChessBase"]
[SourceDate "2008.05.06"]
[SourceVersion "1"]
[SourceVersionDate "2008.05.06"]
[SourceQuality "1"]

1. e4 c5 2. Nf3 e6 3. d4 cxd4 4. Nxd4 Nc6 5. Nf3 Nf6 6. Bd3 Be7 7. 0-0 d6 8. Re1 0-0 9. h3 a6 10. a4 Qc7 11. Bf4 e5 12. Bg5 Be6 13. Nc3 Nb4 14. Nh4 h6 15. Bd2 Rfe8 16. Qf3 Nh7 17. Nd5 Bxd5 18. Bxb4 Be6 19. Nf5 Bf8 20. Qg3 Bxf5 21. exf5 d5 22. Bd2 Kh8 23. Rac1 Bd6 24. Bf1 e4 25. Qb3 Rad8 26. c4 d4 27. c5 Bh2+ 28. Kh1 Bf4 29. Bxf4 Qxf4 30. Qxb7 d3 31. Red1 Ng5 32. c6 d2 33. Rc3 Qxf2 34. c7 Rc8 35. Qxa6 e3 36. Be2 Ne4 0-1

[Event "FRA-chT Top 16 GpA"]
[Site "France"]
[Date "2008.03.24"]
[Round "3"]
[White "Fernandez, Laura"]
[Black "Delorme, Laurie"]
[Result "0-1"]
[WhiteElo "2025"]
[BlackElo "2072"]
[PlyCount "72"]
[EventDate "2008.03.22"]
[EventType "team"]
[EventRounds "7"]
[EventCountry "FRA"]
[SourceTitle "CBM 123 Extra"]
[Source "ChessBase"]
[SourceDate "2008.05.06"]
[SourceVersion "1"]
[SourceVersionDate "2008.05.06"]
[SourceQuality "1"]

1. e4 e5 2. Nf3 Nc6 3. Bc4 Nf6 4. d3 Be7 5. c3 d6 6. Bb3 0-0 7. Nbd2 Na5 8. Bc2 c5 9. 0-0 Nc6 10. Re1 Qc7 11. Nc4 Re8 12. Bg5 Nd7 13. Ne3 h6 14. Nd5 Qd8 15. Be3 Bf8 16. Nd2 Nf6 17. Qf3 Ng4 18. a4 Ne7 19. Bb3 Nxd5 20. Bxd5 Nf6 21. Ba2 Bd7 22. Bb3 b6 23. h3 g6 24. d4 Be6 25. dxe5 dxe5 26. Bc4 Bg7 27. Bb5 Bd7 28. Bxd7 Nxd7 29. Nc4 Re6 30. Red1 Qc7 31. Rd2 Nf6 32. Rad1 Qc6 33. Rd5 Qxa4 34. Rxe5 Qxc4 35. Rxe6 fxe6 36. b3 Qxe4 0-1

[Event "FRA-chT Top 12 (Women)"]
[Site "Rennes"]
[Date "2007.05.13"]
[Round "4"]
[White "Fernandez, Laura"]
[Black "Le Diouron, Aurelie"]
[Result "1-0"]
[WhiteElo "2049"]
[BlackElo "2005"]
[PlyCount "41"]
[EventDate "2007.05.11"]
[EventType "team"]
[EventRounds "5"]
[EventCountry "FRA"]
[SourceTitle "CBM 118 Extra"]
[Source "ChessBase"]
[SourceDate "2007.07.04"]
[SourceVersion "1"]
[SourceVersionDate "2007.07.04"]
[SourceQuality "1"]
[WhiteTeam "Marseille"]
[BlackTeam "Guingamp"]
[WhiteTeamCountry "FRA"]
[BlackTeamCountry "FRA"]

1. e4 e5 2. Nf3 Nc6 3. Bc4 Nf6 4. d3 Bc5 5. c3 0-0 6. Nbd2 Re8 7. b4 Bb6 8. Qb3 Re7 9. a4 a6 10. Nf1 h6 11. Nh4 d6 12. Ng3 Be6 13. 0-0 d5 14. exd5 Bxd5 15. Nhf5 Rd7 16. Be3 Bxe3 17. fxe3 Bxc4 18. Qxc4 Rxd3 19. Nxg7 Qd5 20. Qh4 Rd2 21. e4 1-0

[Event "FRA-ch U16 Girls"]
[Site "Le Grand Bornand"]
[Date "2007.04.??"]
[Round "4"]
[White "Fernandez, Laura"]
[Black "Forestier, Carole"]
[Result "1-0"]
[WhiteElo "2049"]
[BlackElo "1891"]
[PlyCount "74"]
[EventDate "2007.04.07"]
[EventType "swiss"]
[EventRounds "9"]
[EventCountry "FRA"]
[SourceTitle "CBM 118 Extra"]
[Source "ChessBase"]
[SourceDate "2007.07.04"]
[SourceVersion "1"]
[SourceVersionDate "2007.07.04"]
[SourceQuality "1"]

1. e4 e6 2. Nf3 d5 3. Nc3 Nf6 4. e5 Nfd7 5. d4 c5 6. dxc5 Nc6 7. Bf4 Nxc5 8. a3 Be7 9. Bb5 0-0 10. 0-0 f6 11. Bxc6 bxc6 12. Nd4 Bd7 13. Qg4 fxe5 14. Bxe5 Bf6 15. Nf3 Qe7 16. Rab1 Be8 17. b4 Nd7 18. Rbe1 Rc8 19. Bxf6 Rxf6 20. b5 Qxa3 21. bxc6 Qxc3 22. cxd7 Bxd7 23. Ne5 Bb5 24. Nd3 Qxc2 25. Rc1 Rc4 26. Qg3 Qe2 27. Rce1 Qc2 28. Rc1 Qa4 29. Ra1 Qc2 30. Rxa7 Rf7 31. Rxf7 Kxf7 32. Ne5+ Kg8 33. Nxc4 Qxc4 34. Rb1 Qc8 35. h3 Qe8 36. Qd6 Kf7 37. Rb3 Kg8 1-0

[Event "FRA-ch U16 Girls"]
[Site "Le Grand Bornand"]
[Date "2007.04.??"]
[Round "1"]
[White "Forestier, Carole"]
[Black "Fernandez, Laura"]
[Result "1-0"]
[WhiteElo "1891"]
[BlackElo "2049"]
[PlyCount "51"]
[EventDate "2007.04.07"]
[EventType "swiss"]
[EventRounds "9"]
[EventCountry "FRA"]
[SourceTitle "CBM 118 Extra"]
[Source "ChessBase"]
[SourceDate "2007.07.04"]
[SourceVersion "1"]
[SourceVersionDate "2007.07.04"]
[SourceQuality "1"]

1. d4 d5 2. c4 e5 3. dxe5 d4 4. Nf3 Nc6 5. g3 Nge7 6. e3 Bg4 7. Bg2 Ng6 8. exd4 Bxf3 9. Bxf3 Nxd4 10. Bxb7 Rb8 11. Bd5 Bb4+ 12. Nc3 Nxe5 13. Be3 Nf5 14. Bxa7 Bxc3+ 15. bxc3 Rb2 16. 0-0 0-0 17. Bd4 Ng6 18. Re1 Qg5 19. Qc1 Rd2 20. Be3 Nxe3 21. Qxd2 Nf4 22. Qxe3 Nh3+ 23. Kg2 Qf5 24. Qf3 Qc8 25. Bb7 Qd7 26. Rad1 1-0

[Event "FRA-chT1B 0607"]
[Site "France"]
[Date "2007.01.21"]
[Round "6.8"]
[White "Fernandez, Laura"]
[Black "Baujard, Anne"]
[Result "1-0"]
[WhiteElo "2030"]
[BlackElo "1932"]
[PlyCount "43"]
[EventDate "2006.10.15"]
[EventType "team"]
[EventRounds "11"]
[EventCountry "FRA"]
[SourceTitle "EXT 2008"]
[Source "ChessBase"]
[SourceDate "2007.11.25"]
[SourceVersion "1"]
[SourceVersionDate "2007.11.25"]
[SourceQuality "1"]
[WhiteTeam "Marseille Duchamps"]
[BlackTeam "Epinal"]
[WhiteTeamCountry "FRA"]
[BlackTeamCountry "FRA"]

1. e4 c5 2. Nf3 d6 3. d4 cxd4 4. Nxd4 Nf6 5. Nc3 a6 6. a4 e6 7. Be2 Be7 8. 0-0 0-0 9. Be3 Qc7 10. f4 Nbd7 11. Qe1 b6 12. Qg3 Nc5 13. Bf3 Bb7 14. f5 Kh8 15. fxe6 fxe6 16. b4 e5 17. Nf5 g6 18. Nxe7 Nfxe4 19. Nxe4 Bxe4 20. Bxe4 Nxe4 21. Qh4 Rxf1+ 22. Rxf1 1-0

[Event "FRA-chT1B 0607"]
[Site "France"]
[Date "2006.11.25"]
[Round "2.8"]
[White "Soubrier, Aude"]
[Black "Fernandez, Laura"]
[Result "0-1"]
[WhiteElo "1953"]
[BlackElo "2030"]
[PlyCount "80"]
[EventDate "2006.10.15"]
[EventType "team"]
[EventRounds "11"]
[EventCountry "FRA"]
[SourceTitle "EXT 2008"]
[Source "ChessBase"]
[SourceDate "2007.11.25"]
[SourceVersion "1"]
[SourceVersionDate "2007.11.25"]
[SourceQuality "1"]
[WhiteTeam "Lyon Olympique"]
[BlackTeam "Marseille Duchamps"]
[WhiteTeamCountry "FRA"]
[BlackTeamCountry "FRA"]

1. e4 d5 2. exd5 Qxd5 3. Nc3 Qd6 4. d4 Nf6 5. Bc4 a6 6. Bb3 e6 7. Nf3 b5 8. 0-0 Bb7 9. Re1 c5 10. dxc5 Qxc5 11. Be3 Qc7 12. Bd4 Be7 13. Be5 Qc6 14. a4 0-0 15. axb5 axb5 16. Rxa8 Bxa8 17. Qe2 b4 18. Ba4 Qb6 19. Nb5 Nbd7 20. Bc7 Qa6 21. b3 Nc5 22. Ra1 Rc8 23. Be5 Bxf3 24. Qxf3 Nxa4 25. Nd4 Nd7 26. Rxa4 Nxe5 27. Rxa6 Nxf3+ 28. Nxf3 Rxc2 29. Ra8+ Bf8 30. Kf1 g6 31. Ne5 Rc7 32. Nd3 Kg7 33. Rb8 Rc3 34. Nxb4 Bd6 35. Na2 Rc2 36. Ra8 Bc5 37. b4 Rxf2+ 38. Ke1 Bd4 39. b5 Rxg2 40. Nc1 Rxh2 0-1

[Event "FRA-ch Accession"]
[Site "Besancon"]
[Date "2006.08.24"]
[Round "9"]
[White "Lewis, John"]
[Black "Fernandez, Laura"]
[Result "0-1"]
[WhiteElo "2112"]
[BlackElo "1956"]
[PlyCount "104"]
[EventDate "2006.08.15"]
[EventType "swiss"]
[EventRounds "10"]
[EventCountry "FRA"]
[SourceTitle "CBM 113 Extra"]
[Source "ChessBase"]
[SourceDate "2006.09.14"]
[SourceVersion "1"]
[SourceVersionDate "2006.09.14"]
[SourceQuality "1"]

1. d4 d5 2. c4 e6 3. g3 Nf6 4. Bg2 Be7 5. Nf3 0-0 6. 0-0 Nbd7 7. Qc2 c5 8. cxd5 exd5 9. Nc3 Re8 10. Rd1 c4 11. Ne5 Nb6 12. a4 Be6 13. a5 Nbd7 14. a6 Qc8 15. axb7 Qxb7 16. Nxc4 Rac8 17. Na5 Qb6 18. Qa4 Bb4 19. Nb5 Bf8 20. Bd2 Bf5 21. Nc3 Qxb2 22. Ra2 Qb6 23. e3 Qe6 24. Nb3 Nb6 25. Qb5 Nc4 26. Nxd5 Nd6 27. Nxf6+ gxf6 28. Qd5 Bc2 29. Rxc2 Rxc2 30. Nc5 Qxd5 31. Bxd5 Nc4 32. Be1 Nb2 33. Rb1 Bxc5 34. dxc5 Rxc5 35. e4 Nd3 36. Bd2 Ne5 37. Be3 Rc7 38. Ra1 Ree7 39. Kg2 Kg7 40. Bd4 Nc6 41. Bb2 Nb4 42. Ba8 Re8 43. Bd5 Rd8 44. Bd4 Rdd7 45. Ra4 Nc2 46. Bb2 Ne3+ 47. Kg1 Rc2 48. Ra2 Nxd5 49. exd5 Kg6 50. h4 Rxd5 51. g4 Rb5 52. h5+ Kh6 0-1

[Event "Condom op 5th"]
[Site "Condom"]
[Date "2006.07.10"]
[Round "4"]
[White "Doluhanova, Evgeniya"]
[Black "Fernandez, Laura"]
[Result "1-0"]
[WhiteElo "2231"]
[BlackElo "1956"]
[PlyCount "61"]
[EventDate "2006.07.08"]
[EventType "swiss"]
[EventRounds "9"]
[EventCountry "FRA"]
[SourceTitle "CBM 113 Extra"]
[Source "ChessBase"]
[SourceDate "2006.09.14"]
[SourceVersion "1"]
[SourceVersionDate "2006.09.14"]
[SourceQuality "1"]

1. e4 d5 2. exd5 Qxd5 3. Nc3 Qd6 4. d4 Nf6 5. h3 a6 6. Nf3 b5 7. Bd3 Bb7 8. a3 Nbd7 9. Be3 e6 10. Qd2 Be7 11. Bf4 Qc6 12. 0-0 0-0 13. Rfe1 Rad8 14. Rad1 b4 15. axb4 Bxb4 16. Qe2 Bxc3 17. bxc3 Nd5 18. Bd2 Nxc3 19. Bxh7+ Kxh7 20. Qd3+ Kg8 21. Bxc3 Qd5 22. Bb4 Rfe8 23. Re3 c5 24. dxc5 Qh5 25. Qc3 Nf6 26. Rxd8 Rxd8 27. Rd3 Rc8 28. Qd2 Ne4 29. Qf4 Nxc5 30. Bxc5 Qxc5 31. Rd7 1-0

[Event "Marseille (Women)"]
[Site "Marseille"]
[Date "2006.07.05"]
[Round "7.1"]
[White "Zozulia, Anna"]
[Black "Fernandez, Laura"]
[Result "1/2-1/2"]
[WhiteElo "2355"]
[BlackElo "1962"]
[PlyCount "63"]
[EventDate "2006.06.30"]
[EventType "tourn"]
[EventRounds "9"]
[EventCountry "FRA"]
[SourceTitle "CBM 113 Extra"]
[Source "ChessBase"]
[SourceDate "2006.09.14"]
[SourceVersion "1"]
[SourceVersionDate "2006.09.14"]
[SourceQuality "1"]

1. e4 e5 2. Nf3 Nc6 3. Bb5 a6 4. Ba4 Nf6 5. 0-0 b5 6. Bb3 Be7 7. Re1 0-0 8. h3 Bb7 9. d3 d6 10. c3 Na5 11. Bc2 c5 12. Nbd2 Re8 13. Nf1 Bf8 14. Bg5 g6 15. Ne3 h6 16. Bh4 Bg7 17. Nh2 Qc7 18. Qf3 g5 19. Bg3 Rad8 20. Nf5 h5 21. h4 g4 22. Qe3 Nh7 23. f3 Re6 24. fxg4 hxg4 25. Nxg4 Rg6 26. Ngh6+ Bxh6 27. Nxh6+ Kg7 28. Nf5+ Kh8 29. h5 Re6 30. Rf1 Rg8 31. Bh4 Nc6 32. Rf3 1/2-1/2

[Event "Marseille (Women)"]
[Site "Marseille"]
[Date "2006.07.02"]
[Round "3.1"]
[White "Benmesbah, Natacha"]
[Black "Fernandez, Laura"]
[Result "1-0"]
[WhiteElo "2137"]
[BlackElo "1962"]
[PlyCount "83"]
[EventDate "2006.06.30"]
[EventType "tourn"]
[EventRounds "9"]
[EventCountry "FRA"]
[SourceTitle "CBM 113 Extra"]
[Source "ChessBase"]
[SourceDate "2006.09.14"]
[SourceVersion "1"]
[SourceVersionDate "2006.09.14"]
[SourceQuality "1"]

1. e4 d5 2. exd5 Qxd5 3. Nc3 Qd6 4. d4 Nf6 5. Bd3 a6 6. Nge2 Nc6 7. 0-0 e6 8. Bf4 Qd8 9. Re1 Be7 10. Ne4 0-0 11. c3 Re8 12. Nxf6+ Bxf6 13. Ng3 Ne7 14. Ne4 Nd5 15. Nxf6+ Qxf6 16. Be5 Qg5 17. Qf3 Bd7 18. Bg3 Bc6 19. Re5 f5 20. c4 Nb4 21. Qe2 Nxd3 22. Qxd3 Rad8 23. f3 Qf6 24. Rd1 Re7 25. Qe2 Kf7 26. d5 f4 27. Bf2 Ke8 28. Bc5 Rd6 29. Bxd6 cxd6 30. Rxe6 Rxe6 31. dxe6 Ke7 32. Re1 g5 33. Qc2 Qg7 34. Qf5 Be8 35. Qa5 Qd4+ 36. Kh1 h6 37. Qc7+ Kf8 38. Qh7 Qg7 39. e7+ Kf7 40. Qf5+ Qf6 41. Qd5+ Kg7 42. Qxb7 1-0

[Event "Marseille (Women)"]
[Site "Marseille"]
[Date "2006.07.01"]
[Round "2.1"]
[White "Fernandez, Laura"]
[Black "Zatonskih, Anna"]
[Result "0-1"]
[WhiteElo "1962"]
[BlackElo "2433"]
[PlyCount "88"]
[EventDate "2006.06.30"]
[EventType "tourn"]
[EventRounds "9"]
[EventCountry "FRA"]
[SourceTitle "CBM 113 Extra"]
[Source "ChessBase"]
[SourceDate "2006.09.14"]
[SourceVersion "1"]
[SourceVersionDate "2006.09.14"]
[SourceQuality "1"]

1. e4 e6 2. d4 d5 3. Nc3 Bb4 4. Nge2 dxe4 5. a3 Be7 6. Nxe4 Nd7 7. c4 Ngf6 8. N2c3 Nxe4 9. Nxe4 Nf6 10. Nc3 b6 11. Be2 Bb7 12. Bf3 Bxf3 13. Qxf3 0-0 14. Be3 Qd7 15. Rd1 Rfd8 16. 0-0 c6 17. Rd2 Rac8 18. Rfd1 Ne8 19. d5 cxd5 20. cxd5 e5 21. d6 Nxd6 22. Qd5 Qf5 23. a4 h6 24. Qa2 Ne4 25. Rxd8+ Rxd8 26. Rxd8+ Bxd8 27. Qb1 Nd6 28. Qd1 Be7 29. Nd5 Bf8 30. b3 Kh8 31. h3 Qd7 32. Nb4 Qb7 33. Qg4 Kh7 34. Nd3 Qd5 35. Nc1 f5 36. Qh5 g6 37. Qe2 Bg7 38. Qc2 f4 39. Bd2 Ne4 40. Bb4 f3 41. Qd3 Qc6 42. Qe3 fxg2 43. f3 Ng5 44. Kxg2 Qd7 0-1

[Event "Marseille (Women)"]
[Site "Marseille"]
[Date "2006.06.30"]
[Round "1.1"]
[White "Bismuth, Sarah"]
[Black "Fernandez, Laura"]
[Result "0-1"]
[WhiteElo "1960"]
[BlackElo "1962"]
[PlyCount "77"]
[EventDate "2006.06.30"]
[EventType "tourn"]
[EventRounds "9"]
[EventCountry "FRA"]
[SourceTitle "CBM 113 Extra"]
[Source "ChessBase"]
[SourceDate "2006.09.14"]
[SourceVersion "1"]
[SourceVersionDate "2006.09.14"]
[SourceQuality "1"]

1. e4 d5 2. exd5 Qxd5 3. Nc3 Qd6 4. d4 Nf6 5. Nf3 a6 6. g3 Bg4 7. Bg2 Nc6 8. 0-0 e6 9. Bf4 Qb4 10. h3 Bxf3 11. Qxf3 Bd6 12. Rfd1 Bxf4 13. gxf4 0-0 14. a3 Qxb2 15. Rab1 Qxc2 16. Rxb7 Ne7 17. Rxc7 Rac8 18. Rc5 Rfd8 19. Rxc8 Rxc8 20. Rd3 Qc1+ 21. Kh2 g6 22. Ne2 Qc2 23. Rc3 Rxc3 24. Nxc3 Nf5 25. d5 Nh4 26. Qe3 Nxg2 27. Kxg2 exd5 28. Qe5 Ne4 29. Qe8+ Kg7 30. Qe5+ Kh6 31. Nxe4 Qxe4+ 32. Qxe4 dxe4 33. Kg3 Kh5 34. h4 h6 35. Kh3 g5 36. hxg5 hxg5 37. Kg3 g4 38. Kg2 Kg6 39. Kh2 0-1

[Event "FRA-chT2C 0506"]
[Site "France"]
[Date "2006.03.12"]
[Round "9.8"]
[White "Fernandez, Laura"]
[Black "Comte, Christophe"]
[Result "0-1"]
[WhiteElo "1927"]
[BlackElo "2105"]
[PlyCount "96"]
[EventDate "2005.10.27"]
[EventType "team"]
[EventRounds "11"]
[EventCountry "FRA"]
[SourceTitle "EXT 2006"]
[Source "ChessBase"]
[SourceDate "2005.11.24"]
[SourceVersion "1"]
[SourceVersionDate "2005.11.24"]
[SourceQuality "1"]

1. e4 c6 2. d4 g6 3. Bd3 Bg7 4. Nf3 d5 5. e5 Bg4 6. Nbd2 c5 7. c3 Nc6 8. h3 Bxf3 9. Nxf3 cxd4 10. cxd4 e6 11. 0-0 Nge7 12. Bg5 0-0 13. Qd2 Qd7 14. Qf4 Nb4 15. Bb5 Qxb5 16. Bxe7 Rfe8 17. Bg5 Rac8 18. Qh4 Qd3 19. Bh6 Qe4 20. Qg5 Qf5 21. Qh4 Qe4 22. Qg5 Bh8 23. Rac1 Nd3 24. Rxc8 Rxc8 25. Qe7 Nf4 26. Qxb7 Re8 27. Qd7 Ra8 28. Kh2 Bg7 29. Qb7 Re8 30. Qd7 Rf8 31. Bxg7 Kxg7 32. Qxa7 Qe2 33. Rg1 Qxf2 34. Qa3 Ne2 35. Rd1 Qg3+ 36. Kh1 Nf4 37. Rg1 Rc8 38. Qe7 Rc2 39. Qf6+ Kh6 40. Qh4+ Qxh4 41. Nxh4 Rxb2 42. Nf3 Rxa2 43. h4 Kg7 44. g3 Rf2 45. Ng5 Ne2 46. Rb1 h6 47. Nh3 Nxg3+ 48. Kg1 Rd2 0-1

[Event "FRA-chT2C 0506"]
[Site "France"]
[Date "2006.03.11"]
[Round "8.9"]
[White "Fernandez, Laura"]
[Black "Pernoud, Claire"]
[Result "1/2-1/2"]
[WhiteElo "1927"]
[BlackElo "1770"]
[PlyCount "114"]
[EventDate "2005.10.27"]
[EventType "team"]
[EventRounds "11"]
[EventCountry "FRA"]
[SourceTitle "EXT 2006"]
[Source "ChessBase"]
[SourceDate "2005.11.24"]
[SourceVersion "1"]
[SourceVersionDate "2005.11.24"]
[SourceQuality "1"]

1. e4 e5 2. Nf3 Nc6 3. Bc4 Be7 4. c3 Nf6 5. d3 0-0 6. 0-0 d6 7. h3 Bd7 8. b4 a6 9. a4 Rb8 10. a5 Na7 11. Na3 Be6 12. Qb3 Qd7 13. Re1 Nc6 14. Nc2 Rbd8 15. Bg5 h6 16. Bxf6 Bxf6 17. Rad1 d5 18. exd5 Bxd5 19. Bxd5 Qxd5 20. Qxd5 Rxd5 21. Ne3 Rd7 22. Ng4 Re8 23. d4 Red8 24. Nfxe5 Bxe5 25. Nxe5 Rd6 26. Nxc6 Rxc6 27. Rd3 b6 28. axb6 cxb6 29. Re7 Rdc8 30. Rf3 f6 31. Ree3 a5 32. bxa5 bxa5 33. Rd3 a4 34. d5 Rc4 35. d6 a3 36. d7 Rd8 37. Rfe3 Kf7 38. Re2 Rc7 39. Ra2 Ra7 40. c4 Rc7 41. Raxa3 Rxc4 42. Ra7 Re4 43. Kh2 Ke7 44. Kg3 Re6 45. Kf4 Re2 46. Re3+ Rxe3 47. fxe3 Rxd7 48. Rxd7+ Kxd7 49. Kf5 Ke7 50. Kg6 Kf8 51. g4 Kg8 52. e4 Kf8 53. h4 Kg8 54. g5 hxg5 55. hxg5 fxg5 56. Kxg5 Kf7 57. e5 Ke6 1/2-1/2

[Event "FRA-chT2C 0506"]
[Site "France"]
[Date "2006.02.05"]
[Round "7.9"]
[White "Fernandez, Laura"]
[Black "Navratil, Pierre"]
[Result "1-0"]
[WhiteElo "1927"]
[BlackElo "1913"]
[PlyCount "95"]
[EventDate "2005.10.27"]
[EventType "team"]
[EventRounds "11"]
[EventCountry "FRA"]
[SourceTitle "EXT 2006"]
[Source "ChessBase"]
[SourceDate "2005.11.24"]
[SourceVersion "1"]
[SourceVersionDate "2005.11.24"]
[SourceQuality "1"]

1. e4 e6 2. d4 d5 3. Nc3 Bb4 4. Nge2 c5 5. exd5 Qxd5 6. a3 Bxc3+ 7. Nxc3 Qxd4 8. Qxd4 cxd4 9. Nb5 Na6 10. Nxd4 Nc7 11. Nb5 Nxb5 12. Bxb5+ Bd7 13. Bxd7+ Kxd7 14. Bf4 Rd8 15. 0-0-0+ Kc8 16. Rxd8+ Kxd8 17. Rd1+ Kc8 18. Rd3 Ne7 19. Rc3+ Nc6 20. b4 a6 21. a4 Kd8 22. b5 axb5 23. axb5 Nb4 24. Rc7 b6 25. Ra7 Re8 26. Bc7+ Ke7 27. Bxb6+ Kf6 28. c4 Rc8 29. Bc7 Nd3+ 30. Kd2 Nxf2 31. b6 Ne4+ 32. Ke3 Nc5 33. b7 Nxb7 34. Rxb7 Ra8 35. Kd4 Ra2 36. g4 h6 37. c5 Rd2+ 38. Kc4 Rc2+ 39. Kb5 Rb2+ 40. Kc6 Rg2 41. Bg3 e5 42. Kd7 Rd2+ 43. Ke8 Ra2 44. Rxf7+ Ke6 45. Rd7 Ra8+ 46. Rd8 Ra6 47. Rd6+ Rxd6 48. cxd6 1-0

[Event "FRA-chT2C 0506"]
[Site "France"]
[Date "2006.01.14"]
[Round "5.8"]
[White "Tholey, Jean Paul"]
[Black "Fernandez, Laura"]
[Result "0-1"]
[WhiteElo "2015"]
[BlackElo "1927"]
[PlyCount "102"]
[EventDate "2005.10.27"]
[EventType "team"]
[EventRounds "11"]
[EventCountry "FRA"]
[SourceTitle "EXT 2006"]
[Source "ChessBase"]
[SourceDate "2005.11.24"]
[SourceVersion "1"]
[SourceVersionDate "2005.11.24"]
[SourceQuality "1"]

1. d4 f5 2. e4 fxe4 3. Nc3 g6 4. Nxe4 Bg7 5. Nf3 d5 6. Ng3 Nc6 7. c3 Nf6 8. Bf4 a6 9. Bd3 0-0 10. Qd2 b5 11. 0-0 Nd7 12. Rfe1 Nb6 13. Ne5 Nxe5 14. Bxe5 Bxe5 15. Rxe5 e6 16. b3 Qf6 17. Rae1 Bd7 18. Nf1 Rf7 19. Ne3 Qf4 20. Qe2 Raf8 21. Ng4 Kg7 22. f3 b4 23. cxb4 Qxd4+ 24. Qe3 Qxe3+ 25. R1xe3 Ra8 26. Bb1 Rf4 27. a3 a5 28. bxa5 Rxa5 29. b4 Ra8 30. Ba2 Rd4 31. Kf2 Rd2+ 32. Re2 Rxe2+ 33. Rxe2 Rxa3 34. Ne5 Kf6 35. f4 Bb5 36. Rc2 Na4 37. g3 Nc3 38. Bb1 Nxb1 39. Rxc7 Kf5 40. Rxh7 Nc3 41. Rf7+ Ke4 42. Kg2 d4 43. Rf6 Ra2+ 44. Kh3 Bf1+ 45. Kg4 Rxh2 46. Rxg6 Nd5 47. Kg5 Bh3 48. b5 d3 49. Nxd3 Kxd3 50. g4 Bxg4 51. Rg8 Rh5+ 0-1

[Event "FRA-ch U16 Girls"]
[Site "Aix les Bains"]
[Date "2006.??.??"]
[Round "2"]
[White "Fernandez, Laura"]
[Black "Cechetto, Lea"]
[Result "1-0"]
[WhiteElo "1962"]
[BlackElo "1740"]
[PlyCount "69"]
[EventDate "2006.04.16"]
[EventType "swiss"]
[EventRounds "9"]
[EventCountry "FRA"]
[SourceTitle "EXT 2007"]
[Source "ChessBase"]
[SourceDate "2006.11.23"]
[SourceVersion "1"]
[SourceVersionDate "2006.11.23"]
[SourceQuality "1"]

1. e4 e5 2. Nf3 Nc6 3. Bc4 Bc5 4. c3 d6 5. d3 Nf6 6. Nbd2 0-0 7. Bb3 Bg4 8. Nf1 d5 9. Qe2 Qd6 10. h3 Be6 11. Ng3 Rad8 12. Bg5 dxe4 13. dxe4 Bxb3 14. axb3 h6 15. Nf5 Qe6 16. Bxf6 Qxf6 17. 0-0 Kh7 18. b4 Bb6 19. b5 Ne7 20. Ne3 Qf4 21. Nc4 Ng6 22. Nxb6 axb6 23. Qc4 Rd7 24. Ra7 f5 25. Re1 Nh4 26. Nxh4 Qxh4 27. Rxb7 fxe4 28. Qxe4+ Qxe4 29. Rxe4 Rd1+ 30. Kh2 Rxf2 31. Rxc7 Rdd2 32. Rg4 e4 33. Rcxg7+ Kh8 34. Rg8+ Kh7 35. R4g7# 1-0